00707 2200193 4500001002100000005001700021008004100038035002400079082001100103090002000114100002300134245011200157260011200269300003800381500003200419504002700451650001700478990001800495YOGYA-0213000000105720130226102151.0 ind  0010-021300000001057 a297.65 aSK 297.65 Suk M aSUKMONO HADI BROTO aMuhammadiyah dan pluralitas keberagaman:(studi terhadap aktivitas Muhammadiyah ...)/oleh Sukmono Hadi Broto aYogyakartabJurusan Perbandingan Agama Fakultas Ushuluddin Institut Agama Islam Negeri Sunan Kalijagac2003 axi, 72(14) lbrbIlus, lampc29 cm aSkripsi IAIN Sunan Kalijaga aBibliografi: lbr 70-72 aMuhammadiyah a44389-PD/A.12